00638nam a22001937a 450000500170000001000350001702000260005203500170007803500130009503500140010803700190012208200110014110000190015224500960017126000460026727000700031330000210038350000400040420230523160651.0 a1617EN ENG-115807 ENG-137010 a9788183227193c250.00 aB-649136-151 aEN-99339 aEN-120542 adpl bDBAD/PUB a616.12 aSouter, Keith  aUnderstanding and dealing with heart disease : cby Keith Souter bwhat you need to know /  aNew DelhibManjul Publishing House c2016 a7/32, Ground Floor, Ansari Road, Darya Ganj, bNew Delhi e110002 a265p.c19cm(pbk) aIncludes bibliographical references